Transgender Persons and the Law

Detalles Bibliográficos
Autor principal: Howell, Ally Windsor
Formato: eBook
Lenguaje:inglés
Publicado: Chicago: American Bar Association, 2015
Materias:
Acceso en línea:Acceso restringido

MARC

LEADER 00000nam a22000007a 4500
005 20210225203918.0
007 cr|||| ||||
008 210225s2015 us |||||s|||| 00||0 eng d
020 |a 9781634250368 
035 |a 31247 
040 |a vLex 
090 |c 11271  |d 11271 
100 1 |a Howell, Ally Windsor 
245 1 0 |a Transgender Persons and the Law  |h [Recurso electrn̤ico] /  |c Ally Windsor Howell 
256 |a Servicio en ln̕ea 
260 |a Chicago:  |b American Bar Association,  |c 2015 
300 |a 1 recurso electrn̤ico 
500 |a Transgender Persons and the Law, 2nd edition is a very comprehensive text. It brings together a comprehensive overview of the laws and landmark court cases involving transgender individuals in a variety of legal situations, including housing, military service and veterans benefits, family law, education, health care, personal safety, employment, immigration, and criminal justice. It also discusses the myriad of legal documents transgender persons need to understand before filling out paperwork in order to change their name, birth certificate, and gender identification. This new edition includes the latest in regulations and policy statements (including the looming Executive Order by President Obama on LGBT discrimination by federal contractors) regarding transgenderism and a handful of new cases that have been brought before the courts since publication of the first edition in summer 2013. It also includes a link to an online database that features a complete set of legal forms for all fifty states and the District of Columbia for name changes and, for those jurisdictions that allow it, changes to birth certificates Transgender Persons and the Law, 2nd edition confronts transgender discrimination and works to safeguard the legal rights of all transgender individuals. 
506 1 |a Disponible solo en los productos indicados  |d vLex Global  |d vLex Global (Academic Edition, excluding Law Schools)  |d vLex Global (Academic Edition, Law Schools) 
650 0 4 |a Derecho Pb︢lico y Administrativo  |z Estados Unidos 
740 0 |a vLex Libros (Servicio en ln̕ea) 
856 4 0 |u http://vlex.com/source/transgender-persons-and-the-law-31247  |z Acceso restringido 
942 |c BOOK 
999 0 |a Public and Administrative Law